Регионална библиотека "Любен Каравелов" - Русе

Троянските коне в България (Запис номер 99497)

MARC детайли
000 -Лидер
Контролно поле с фиксирана дължина 01226nam a2200313 c 4500
003 - Код на организацията, давaща контролен номер
Контролно поле BLK
005 - Дата и час на последна редакция
Контролно поле 20250318005546.0
008 - Елементи от данни с фиксирана дължина
fixed length control field 180409b bul|||||r ||||||| ||bul||
010 ## - Наследен системен номер
LC control number KNG00104505000
020 ## - Международен стандартен номер на книга ISBN
Международен стандартен номер на книга ISBN 954-445-812-3
040 ## - Източник на каталожния запис
Идентификатор на билиотеката - собственик на записа BLK
041 ## - Код за език
Код за езика на текст/звукозапис или на отделно заглавие Български
Код за езика КДБФ Български
080 ## - УДК
Текстов определител УДК Българска литература
УДК код - определител по УДК 821.163.2
УДК определител -4
УДК - код + определител 821.163.2-4
100 ## - Редна дума - Автор
Автор Хайтов, Николай Александров
Дати, свързани с автора 1919-2002
Автор - информация (биография) Писател. Драматург.
R(LIN) 431013
139 ## - Редно поле
Редна дума Хайтов, Николай Александров
Авторски знак Хаин - Х 21
245 10 - Сведения за заглавието
Заглавие Троянските коне в България
Подзаглавни данни Публицистика : Кн. 1 -
Редно поле (дума) Николай Александров Хайтов.
Том Кн. 2
Заглавие на том 1999 - 2002
257 ## - Страна на издаване
Страна на създаване/издаване България
260 ## - Област на издателските данни
Година на издаване 2002
Печатница София : Експрес принт
300 ## - Физическа характеристика
Размери/Мащаб 20 см
380 ## - Жанр
Жанр Худож. лит.
760 1# - Описание на основната серия
Редна дума на основното описание Хайтов, Николай Александров
Място на издаване, издател и година Христо Ботев, 2002
Страници - том 436 с.
Заглавие Кн. 2 1999 - 2002
852 ## - Местоположение
Форматна сигнатура Цб 212152
856 4# - Електронен адрес и достъп
Електронен формат pdf - файл
Инструкция (цена за достъп) 0.00
Права за достъп disable
856 4# - Електронен адрес и достъп
Електронен формат pdf - файл
Инструкция (цена за достъп) 0.00
Права за достъп disable
999 ## - СИСТЕМНИ КОНТРОЛНИ НОМЕРА
Koha biblionumber 99497
Koha biblioitemnumber 99497
942 ## - АРТИКУЛИ
Вид на библиотечния материал Книги
Скрит в OPAC Не
Koha issues (borrowed), all copies 3
Периодичен библиозапис Да
944 ## - СЪЗДАВАНЕ И РЕДАКЦИЯ на ЗАПИСА
Създаване/Редакция Създаване
Дата на регистрацията/редакция 01.01.2002
Служител, извършил регистрацията/редакцията
Статус, дата на статуса CRON CRON
944 ## - СЪЗДАВАНЕ И РЕДАКЦИЯ на ЗАПИСА
Създаване/Редакция Редакция
Дата на регистрацията/редакция 16.02.2004
999 ## - СИСТЕМНИ КОНТРОЛНИ НОМЕРА
Koha biblioitemnumber 99497
Наличности
Код за отписване Код за изгубен артикул Код за повреда Коз за рестрикции Код за отдаване Артикулен № Име на библиотеката - собственик Име на библиотеката, в която се намира в момента Статус (Текущо местоположение) Дата на вписване в системата Местоположение - отдел Цена в лева Инвентарен номер Систематично азбучна сигнатура Баркод Номер на екземпляра Цена в евро Служебна бележка Служебен тип на артикула
  Не е изгубен Не е повреден без рестрикции заемане за дома 160253 Регионална библиотека "Любен Каравелов" Русе Регионална библиотека "Любен Каравелов" Русе Заемна - подръчен фонд 2002-12-04 Заемна - подръчен фонд 7.00 120000673602 П 886.7-4/Х 21 120000673602 1 3.58 Дост: Pk Вид: Ф N: 42 Дата: 04.12.2002 Дата инв: 12.02.2018 Бележки инв: П2018 Книги
  Не е изгубен Не е повреден без рестрикции ползва се в читалня 160254 Регионална библиотека "Любен Каравелов" Русе Регионална библиотека "Любен Каравелов" Русе Хранилище 2004-01-13 Хранилище 7.00 120000681723 Цб 212152 120000681723 2 3.58 Дост: Dp Вид: Д N: 4 Дата: 09.01.2003 Книги
Vip Innovations Ltd, Rousse, Bulgaria 2025